| 000 | 01070nam a2200301 a 4500 | ||
|---|---|---|---|
| 003 | DO-SdBNP | ||
| 005 | 20240306073901.0 | ||
| 007 | ta | ||
| 008 | 220825e2020 dr |||gr|||| 001 edspa d | ||
| 020 | _a9788498956467 | ||
| 040 |
_aDO-SdBNP _bspa _cBNPHU |
||
| 082 | 4 |
_222 _bM351i |
|
| 100 | 1 |
_aMármol, José, _d1960- _96454 |
|
| 245 | 1 | 0 |
_aidentidad en la modernidad líquida globalizada _buna lectura de Zygmunt Bauman. / _cJosé Mármol |
| 260 |
_aMadrid, España : _bVisor Libros, _c2020 |
||
| 300 |
_a442 p. ; _c22 cm. |
||
| 490 |
_aVisor Literario; _v25 |
||
| 500 | _aIncluye datos biográficos de la autora en la contracubierta. | ||
| 500 | _aIncluye bibliografía y notas al pié de páginas. | ||
| 504 | _aBibliografía: p. 341- 442 | ||
| 590 | _aInventariado 2022 / MF | ||
| 650 | 4 |
_981177 _aIdentidad cultural _zRepública Dominicana |
|
| 650 | 4 |
_910051 _aLenguaje y Cultura _zRepública Dominicana |
|
| 650 | 4 |
_981919 _aEtica e Identidad _zRepública Dominicana |
|
| 830 |
_aVisor Literario; _lspa _n25 _982254 |
||
| 910 | _aMFeliz | ||
| 942 |
_2ddc _cLBS1 |
||
| 999 |
_c52323 _d52323 |
||